Материалы Научно-практической конференции, 1-6 декабря 2014 года, [проходившей в рамках форума]. Ч. 2 (Запись № 10284483)

Подробности
000 -МАРКЕР
контрольное поле 01822nam2a2200241 4500
001 - ИДЕНТИФИКАТОР ЗАПИСИ
контрольное поле RU\NLR\BIBL_A\010830171
005 - ИДЕНТИФИКАТОР ВЕРСИИ
контрольное поле 20250614103535.0
010 ## - МЕЖДУНАРОДНЫЙ СТАНДАРТНЫЙ НОМЕР КНИГИ (ISBN)
Номер (ISBN) 978-5-7422-4853-8
Уточнения ч. 2
021 ## - НОМЕР ГОСУДАРСТВЕННОЙ РЕГИСТРАЦИИ
Код страны Российская Федерация
Номер 2015-51544
Номер Листа государственной регистраци 3048
035 ## - ДРУГИЕ СИСТЕМНЫЕ НОМЕРА
Идентификатор записи (NLR Aleph) 010830171
100 ## - ДАННЫЕ ОБЩЕЙ ОБРАБОТКИ
Данные общей обработки 20150908d2015 |||y0rusy50 ca
101 0# - ЯЗЫК РЕСУРСА
Язык текста, звукозаписи и т.д. русский
-- английский
Язык резюме английский
102 ## - СТРАНА ПУБЛИКАЦИИ ИЛИ ПРОИЗВОДСТВА
Страна публикации Российская Федерация
105 ## - ПОЛЕ КОДИРОВАННЫХ ДАННЫХ: ТЕКСТОВЫЕ МАТЕРИАЛЫ, МОНОГРАФИЧЕСКИЕ
Кодированные данные о монографическом текстовом документе a z 100yy
200 0# - ЗАГЛАВИЕ И СВЕДЕНИЯ ОБ ОТВЕТСТВЕННОСТИ
Основное заглавие Ч. 2
210 ## - ПУБЛИКАЦИЯ, РАСПРОСТРАНЕНИЕ И ДР.
Дата издания, распространения и т.д. 2015
Место издания, распространения и т.д. Б. м.
215 ## - ФИЗИЧЕСКАЯ ХАРАКТЕРИСТИКА
Специфическое обозначение материала и объем 421 с.
Другие сведения о физической характеристике ил.
461 #0 - УРОВЕНЬ НАБОРА
Встроенное поле 001RU\NLR\BIBL_A\010854447
-- 2001#$aМатериалы Научно-практической конференции, 1-6 декабря 2014 года, [проходившей в рамках форума]$fМ-во образования и науки Рос. Федерации, С.-Петерб. гос. политехн. ун-т, Инженер.-экон. ин-т, "Науч. форум с междунар. участием "Неделя науки СПбГУ"$vЧ. 2
Системный номер (АБИС) связанной записи 10389557
Автор Санкт-Петербургский государственный политехнический университет. Инженерно-экономический институт (2014)
Место публикации Санкт-Петербург
Дата публикации 2015
Первые сведения об ответственности М-во образования и науки Рос. Федерации, С.-Петерб. гос. политехн. ун-т, Инженер.-экон. ин-т, "Науч. форум с междунар. участием "Неделя науки СПбГУ"
Имя издателя, распространителя и т.д. Изд-во Политехнического университета
Заглавие Материалы Научно-практической конференции, 1-6 декабря 2014 года, [проходившей в рамках форума]
ISBN 9785742248514
Номер тома Ч. 2
942 ## - ДОПОЛНИТЕЛЬНЫЕ ЭЛЕМЕНТЫ ЗАПИСИ (АБИС)
Тип экземпляра АБИС Книга
980 ## - КОЛЛЕКЦИЯ
Название коллекции Национальная библиография
Экземпляры
Тип экземпляра Дата поступления Источник поступления Библиотека постоянного хранения Библиотека текущего хранения Место хранения Шифр хранения Штрих-код Статус экземпляра Публичное примечание
Книга 08.09.2015 Обязательный экземпляр РНБ (Московский) РНБ (Московский) Русский книжный фонд: издания с 1957 года 2015-3/26754 1-1091377   Y
Книга 08.09.2015 Обязательный экземпляр РНБ (Московский) РНБ (Московский) Русский книжный фонд: издания с 1957 года 2015-3/26754 1-1091376   Y